| 000 | 00838cac a22002411u 4500 | ||
|---|---|---|---|
| 008 | 090108t 1997xxu||||| |||| 00| 0 eng d | ||
| 010 | _a 2003116665 | ||
| 020 | _a0256209375 | ||
| 035 | _a(DLC) 2003116665 | ||
| 082 | 0 | 4 |
_a658.4038011 _bOBR _222 |
| 100 | _aO'Brien, James A., | ||
| 245 | 1 | 0 |
_aIntroduction to information systems / _cJames A. O'Brien. |
| 250 | _a8th ed. | ||
| 260 |
_aBoston : _bMcGraw-Hill/Irwin, _cc1997. |
||
| 300 |
_a1 v. (various pagings) : _bcol. ill. ; _c29 cm. |
||
| 650 | 0 |
_aBusiness _xData processing. _2BUEsh |
|
| 650 | 0 |
_aManagement _xData processing. _2BUEsh |
|
| 650 | 0 |
_aManagement information systems. _2BUEsh |
|
| 650 | 0 |
_aElectronic commerce. _2BUEsh |
|
| 651 | _2BUEsh | ||
| 856 | 4 | 1 |
_3Table of contents _uhttp://www.loc.gov/catdir/toc/mh041/2003116665.html |
| 942 |
_cBB _k658.4038OBR _2ddc |
||
| 999 |
_c4591 _d4591 |
||